| 000 | 00702nam a22002057a 4500 | ||
|---|---|---|---|
| 999 |
_c18950 _d18950 |
||
| 003 | AR-CdUCM | ||
| 008 | 190515b ||||| |||| 00| 0 spa d | ||
| 040 |
_aMUNICIPALIDAD PROVINCIAL DEL CUSCO _cBIBLIOTECA MUNICIPAL DEL CUSCO |
||
| 082 |
_a631.5 / _bW22 |
||
| 100 |
_aWalton, Earnest Vernon _939887 |
||
| 245 | _aCosechas productivas / | ||
| 260 |
_aMéxico : _bCompañía editorial continental _c1962. |
||
| 300 |
_a598 paginas ; _c23 cm. |
||
| 505 | _aContenido :El algodón --El maíz --El sorgo --La producción de granos pequeños... | ||
| 650 |
_aCosechas _922738 |
||
| 650 |
_aProducción _91785 |
||
| 700 |
_aHolt, Oris Milton. _939888 |
||
| 942 |
_2ddc _cLIBROS |
||
| 945 |
_arjall _d2019-05-15 |
||